000 00553nam a2200157 i 4500
001 21287
003 ES-MaACL
005 20230906152443.0
007 t|
008 021122s1967 sp ||||1| spa d
100 1 _aAlberca Lorente, Román.
_919266
245 1 0 _aIX Congreso Nacional de Neuropsiquiatría
_b: su persona y su obra : sesión homenaje /
_cRomán Alberca Lorente.
260 _aMadrid :
_b[s.n.,
_c1967] (
_fNogués)
711 2 _aCongreso Nacional de Neuropsiquiatría (
_n9º.
_d1967.
_cMurcia)
_9550
852 _aES-MaACL
_jC-45547
_bR.67750
999 _c21287
_d21287